000 00884nac a22002657a 4500
001 BR7702112
003 BR-BrBNA
005 20240105114040.0
008 230509b bl.|||m| |||| 00| 0 por d
040 _aBR-BrBNA
_bpor
_cBiblioteca Nacional de Agricultura
072 _aM10
090 _a8150 BR7702112
110 1 _aPrograma de Pesquisa e Desenvolvimento Pesqueiro do Brasil, Brasilia, DF
_97975
245 1 _aLevantamento de recursos pesqueiros demersais na costa do Estado da Bahia [Peixe marinho; Captura; Brasil]
260 3 _aBrasilia, DF (Brasil):
_c1977.
300 _a5 p.
490 _aNavio de Pesquisa Riobaldo. Relatorio do Cruzeiro (Brazil)
_vno. 2
_x
650 _aProducao pesqueira
650 _aPeixe marinho
650 _aCaptura
650 _aLitoral
650 _aBahia
909 _a202312
_bLúcia Elande
_c55
_dLúcia Elande
942 _2AGRIS
_n0
_cMS
999 _c267096
_d267096